000 00690nam a22002657a 4500
003 UA-OsUOA
001 28439
007 ta
008 20050324b un ||||| |||| 00| 0 ukr d
100 _aМакашов И. Н.
700 _aОвчиннкова Н. В.
090 _a65:94(3)
_bМ15
942 _cBK
040 _aUA-OsUOA
_brus
_cUA-OsUOA
_dUA-OsUOA
245 _aУправление в древних цивилизациях
300 _a249 с.
_bІлюстрації
955 _a0
041 _arus
080 _a65:94(3)
020 _a5-93406-697-8
260 _aМ.
_bКомпания Спутник +
_c2004
044 _aRU
650 7 _2UDC
999 _c314806
_d314806